000 00586nam a22002057a 4500
999 _c7743
_d7743
003 OSt
005 20220225121118.0
008 220225b ||||| |||| 00| 0 eng d
020 _a9781935589679
040 _cDDC
082 _a658.404 PRO,2013
100 _aPMBOK GUIDE
_915798
245 _aAGUIDE TO THE PROJECT MANAGEMENT BODY OF KNOWLEDGE
250 _a5TH ED
260 _aCANADA
_bPROJECT MANAGENT INSTITUTE
_c2013
300 _a589P.
_bILL;
_c27CM
504 _aINCLUDES BILIOGRAPHIC REFERENCES AND INDEX
650 _aPROJECT MANAGENT INSTITUTE
_915799
942 _2ddc
_cBOOK